000 00730nam a22002057a 4500
003 UA-OsUOA
001 43477
007 ta
008 20090713b un ||||| |||| 00| 0 ukr d
090 _a050
_bУ45
942 _cMG
040 _aUA-OsUOA
_bukr
_cUA-OsUOA
_dUA-OsUOA
245 _aУкраїнознавство
_b2006, Ч.10
955 _a4
041 _aukr
080 _a050
246 3 1 _aВісник Київського Національного університету імені Тараса Шевченка
650 7 _a050 Серійні публікації. Періодика галузі, Організація та інші типи поєднання (співробітництва)
_2UDC
999 _c441951
_d441951